000 00580nam a2200169 a 4500
001 000026857
005 20200930030443.0
008 110325s1969 dr 000 0 spa d
040 _aDO-SdBNP
_bspa
_cBNPHU
245 0 0 _aProblemas del comportamiento humano en las organizaciones /
_cMaría Encarnación Duval Médina.
260 _aSantiago, República Dominicana :
_bONAP,
_c1969.
300 _a83 p. ;
_c28 cm.
490 1 _aPublicaciones de la ONAP
_v14
700 1 _aDuval Médina, María Encarnación
_953971
830 0 _aPublicaciones de la ONAP
_v14
_953972
049 _aBNPD
999 _c26349
_d26349